|
|
|
|
| LEADER |
00691 a2200181 4500 |
| 008 |
100208b ||||| |||| 00| 0 eng d |
| 020 |
|
|
|a 978-81-315-0566-3
|
| 082 |
|
|
|a 330.0151
|
| 100 |
|
|
|a Baldani.
|
| 245 |
|
|
|a An introduction to mathematical economics /
|
| 260 |
|
|
|a New Delhi:
|b South-Western Cengage Learning,
|c 2007.
|
| 300 |
|
|
|3 531p.
|
| 650 |
|
|
|a Mathematical economics
|
| 700 |
|
|
|a Bradfield
|
| 700 |
|
|
|a Tuner
|
| 942 |
|
|
|c BK
|
| 999 |
|
|
|c 318137
|d 318137
|
| 952 |
|
|
|0 0
|1 0
|2 ddc
|4 0
|6 330_015100000000000_BAL_I
|7 0
|8 NFIC
|9 364265
|a ECN
|b ECN
|c GEN
|d 2011-03-15
|e The Book shop,Publication Division,University of Calicut
|g 0.00
|i 8648
|l 9
|m 6
|o 330.0151 BAL/I
|p ECN8648
|r 2019-08-07
|s 2019-07-17
|w 2011-03-15
|y BK
|